<?xml version="1.0" encoding="UTF-8"?>
<collection xmlns="http://www.loc.gov/MARC21/slim">
 <record>
  <leader>     na                 </leader>
  <controlfield tag="001">INLIS000000000015240</controlfield>
  <controlfield tag="005">20260605024149</controlfield>
  <datafield tag="035" ind1=" " ind2=" ">
   <subfield code="a">0010-0626000008</subfield>
  </datafield>
  <datafield tag="245" ind1="1" ind2=" ">
   <subfield code="a">Celana /</subfield>
   <subfield code="c">Joko Pinurbo</subfield>
  </datafield>
  <datafield tag="100" ind1="0" ind2=" ">
   <subfield code="a">Joko Pinurbo</subfield>
  </datafield>
  <datafield tag="250" ind1=" " ind2=" ">
   <subfield code="a">cet. 2</subfield>
  </datafield>
  <datafield tag="300" ind1=" " ind2=" ">
   <subfield code="a">vii, 72 hlm.; 21 cm.</subfield>
  </datafield>
  <datafield tag="260" ind1=" " ind2=" ">
   <subfield code="a">Jakarta :</subfield>
   <subfield code="b">Gramedia Pustaka Utama,</subfield>
   <subfield code="c">2018</subfield>
  </datafield>
  <datafield tag="082" ind1=" " ind2=" ">
   <subfield code="a">899.221 1</subfield>
  </datafield>
  <datafield tag="084" ind1=" " ind2=" ">
   <subfield code="a">899.221 1 JOK c</subfield>
  </datafield>
  <datafield tag="020" ind1=" " ind2=" ">
   <subfield code="a">978-602-03-8186-2</subfield>
  </datafield>
  <datafield tag="650" ind1=" " ind2=" ">
   <subfield code="a">Puisi -- Kumpulan</subfield>
  </datafield>
  <datafield tag="520" ind1=" " ind2=" ">
   <subfield code="a">Celana Ibu&#13;
&#13;
Maria sangat sedih menyaksikan anaknya mati di kayu salib tanpa celana dan hanya berbalutkan sobekan jubah yang berlumuran darah.&#13;
&#13;
Ketika tiga hari kemudian Yesus bangkit dari mati, pagi-pagi sekali Maria datang ke kubur anaknya itu, membawa celana yang dijahitnya sendiri dan meminta Yesus mencobanya.&#13;
&#13;
“Paskah?” tanya Maria. “Pas!” jawab Yesus gembira.&#13;
&#13;
Mengenakan celana buatan ibunya, Yesus naik ke surga.</subfield>
  </datafield>
  <controlfield tag="008">260605                c          p ind  </controlfield>
  <datafield tag="990" ind1=" " ind2=" ">
   <subfield code="a">026.5405/PC/26</subfield>
  </datafield>
  <datafield tag="990" ind1=" " ind2=" ">
   <subfield code="a">026.5406/PC/26</subfield>
  </datafield>
  <datafield tag="990" ind1=" " ind2=" ">
   <subfield code="a">026.5407/PC/26</subfield>
  </datafield>
 </record>
</collection>
